Shadow Play #2 /

Set in the Stabbity Bunny universe! Joy and Bard are in the Shadow Realm with no plan and zero allies. Their prospects change quickly when they encounter a powerful creature that can provide help, so long as they stay on his good, non-murderous, side. In a nearby village a secret society offers aid...

Full description

Bibliographic Details
Corporate Author: Library Pass, LLC
Other Authors: Rivera, Richard (writer.)
Format: eBook
Language:English
Published: [United States] : Scout Comics, 2021.
Subjects:
Online Access:Connect to this electronic book (First time users create your free account)

MARC

Tag First Indicator Second Indicator Subfields
LEADER 00000nmm a22000001a 4500
001 in00004618924
006 m|||||o||m||||||||
007 cr|cn |||uuuuu
008 221118s2021 xxu||||eo|||| ||||||eng d
005 20221207215640.8
035 |a (TxWaIVM)IV83363ScSh 
040 |a TxWaIVM  |c TxWaIVM 
245 0 0 |a Shadow Play #2 /  |c powered by Library Pass. 
260 3 |a [United States] :  |b Scout Comics,  |c 2021. 
300 |a 1 online resource. 
336 |a text  |b txt  |2 rdacontent 
337 |a computer  |b c  |2 rdamedia 
338 |a online resource  |b cr  |2 rdacarrier 
520 |a Set in the Stabbity Bunny universe! Joy and Bard are in the Shadow Realm with no plan and zero allies. Their prospects change quickly when they encounter a powerful creature that can provide help, so long as they stay on his good, non-murderous, side. In a nearby village a secret society offers aid against the Shadow King as long the duo is willing to work with them. The Stabbity Bunny world expands with concepts created by Richard Rivera and Alex Lobato. 
521 |a 4 
538 |a Requires a valid library card and registration for new users. 
538 |a Mode of access: World Wide Web. 
538 |a System requirements: Flash 10.1 or higher, Windows XP and higher, Internet Explorer 7 and higher, Firefox 3.6 and higher, Google Chrome; Max OS 10.5 and higher, Safari 4 and higher. 
650 0 |a Comic books, strips, etc. 
655 7 |a Electronic books.  |2 local 
655 7 |a Comic books, strips, etc.  |2 gsafd 
650 0 |a Fantasy comic books, strips, etc. 
655 7 |a Fantasy comic books, strips, etc.  |2 gsafd 
650 0 |a Horror comic books, strips, etc. 
655 7 |a Horror comic books, strips, etc.  |2 gsafd 
650 0 |a Suspense comic books, strips, etc. 
655 7 |a Suspense comic books, strips, etc.  |2 gsafd 
650 0 |a Comic books, strips, etc. --Superheroes 
655 7 |a Comic books, strips, etc. --Superheroes  |2 gsafd 
650 0 |a Fantasy comic books, strips, etc. 
655 7 |a Fantasy comic books, strips, etc.  |2 gsafd 
700 1 |a Rivera, Richard.  |e writer. 
700 1 |a Meath, Clara.  |e artist. 
710 2 |a Library Pass, LLC. 
856 4 0 |u http://proxy.library.tamu.edu/login?url=https://tamu.librarypass.com/product/com.iversecomics.scout.comics.shadow.play.two.english.08062021  |z Connect to this electronic book (First time users create your free account)  |t 0 
955 |a Comics Plus. 
999 f f |s 61058547-9856-4848-9fde-355b28428069  |i d8a786b6-9ba2-4f30-a3a9-415c4f8b8ac0  |t 0 
952 f f |a Texas A&M University  |b College Station  |c Electronic Resources  |d Available Online  |t 0  |h Library of Congress classification 
998 f f |t 0  |l Available Online